Thajsko - země hospodářského zázraku.

Stručný náčrt posledných udalostí v Thajsku. Zmena v štruktúre hrubého domáceho produktu a prioritné odvetvia thajskej ekonomiky. Rozkvet zahraničného obchodu a slabiny thajskej ekonomiky.

Enregistré dans:
Détails bibliographiques
Auteur principal: Dráždil, M.
Format: Chapitre de livre
Langue:tchèque
Sujets:
Tags: Ajouter un tag
Pas de tags, Soyez le premier à ajouter un tag!

MARC

LEADER 00000naa a2200000 4500
001 r011527
005 20220831085308.9
041 0 |a cze 
044 |a [CS] 
245 1 0 |a Thajsko - země hospodářského zázraku.  |c M. Dráždil 
520 |a Stručný náčrt posledných udalostí v Thajsku. Zmena v štruktúre hrubého domáceho produktu a prioritné odvetvia thajskej ekonomiky. Rozkvet zahraničného obchodu a slabiny thajskej ekonomiky. 
610 2 0 |a hospodárstvo národné 
610 2 0 |a Thajsko 
610 2 0 |a tempo rastu hospodárskeho 
610 2 0 |a produkt domáci hrubý 
610 2 0 |a obchod zahraničný 
610 2 0 |a potravinárstvo 
610 2 0 |a elektronika 
100 1 |a Dráždil, M.